Tố Như Thi trích dịch

Wedi'i Gadw mewn:
Manylion Llyfryddiaeth
Prif Awdur: Tố Như Thi
Awduron Eraill: Qúach Tấn (dịch)
Fformat: Llyfr
Iaith:Vietnamese
Cyhoeddwyd: Tp. HCM Nxb. An Tiêm 1973
Tagiau: Ychwanegu Tag
Dim Tagiau, Byddwch y cyntaf i dagio'r cofnod hwn!
Thư viện lưu trữ: Mạng thư viện Đại học Đà Nẵng
LEADER 01124nam a2200301 4500
001 000013903
003 10250
005 20120326150334.0
008 120326s1973 viesd
041 0 |a vie 
082 |a 895.9221  |b TÔ-T 
100 0 |a Tố Như Thi 
245 0 |a Tố Như Thi  |b trích dịch  |c Qúach Tấn 
260 |a Tp. HCM  |b Nxb. An Tiêm  |c 1973 
300 |a 243 tr.  |c 21 cm 
700 |a Qúach Tấn  |e dịch 
OWN |a LSP 
AVA |a UDN50  |b LNN  |d 895.922 NG-L  |e available  |t Error 5001 Not defined in file expand_doc_bib_avail.  |f 2  |g 0  |h N  |i 0 
AVA |a UDN50  |b LSP  |d 895.9221 TÔ-T  |e available  |t Error 5001 Not defined in file expand_doc_bib_avail.  |f 1  |g 0  |h N  |i 0  |k 1 
999 |a From the UDN01 
AVA |a UDN50  |b LNN  |d 895.922 NG-L  |e available  |t Error 5001 Not defined in file expand_doc_bib_avail.  |f 2  |g 0  |h N  |i 0 
AVA |a UDN50  |b LSP  |d 895.9221 TÔ-T  |e available  |t Error 5001 Not defined in file expand_doc_bib_avail.  |f 1  |g 0  |h N  |i 0  |k 1 
TYP |a Monograph 
TYP |a Printed language 
980 |a Mạng thư viện Đại học Đà Nẵng